01614njm a2200301Ia 450000100060000000300090000600500170001500800410003204000130007304000130008604100130009910000170011210000180012910000380014724500390018525000110022426000110023526000330024630000100027930000290028950002960031850503490061465000570096370000500102070000670107070000760113770000990121353618IT-RoPAU20220918181149.0131025s9999 xx 000 0 und d aIT-RoPAU cIT-RoPAU aFRANCESE aKosma Joseph eAutore musica gCodice autore musica SPICS: 15815 aYves Montand canta Jacques Prevert a1a ed. aITALIA bPOLYGRAMc1962 [1a Ed.:1962] aDISCO c36 minuti (Testo: pag.) aCanzone francese. Musica leggera. Arrangiamento. Oltre a "Le foglie morte" in questo disco Montand ripropone la sua calda voce ricca di toni sommessi eppure fermi, vibrati, le più celebri "Canzoni" di Jacques Prevert, un poeta che ha segnato con le sue opere la storia francese ed europea. aChanson (1:14) - Dans ma maison (3:39) - En sortant de l'ecole (2:35) - On frappe (1:20) - Les feuilles mortes (3:21) - Fable (1:54) - Le miroir brise (1:30) - Le jardin (1:10) - Page d'ecriture (2:42) - Barbara (3:41) - Les enfants qui s'aiment (2:05) - Paris At Night (1:27) - Quelqu'un (3:00) - Le cireurs de soulier (4:00) - Sanguine (3:00) aCANZONE FRANCES [DISCHI]eCodice MATERIA SPICS: 9950 aMontand YvesgCodice interprete -SPICS: 20140 aPrevert JacqueseAutore testogCodice autore testo SPICS: 2341 aVerger Ch.eAutore musicagCodice autore musica SPICS: 20148pQuelqu'un aCrolla H.eAutore musicagCodice autore musica SPICS: 20147pLe cireurs de souliers - Sanguine